000 00969nam a22002897a 4500
001 BR7703206
003 BR-BrBNA
005 20230928085314.0
007 ta
008 230509b bl.||||| |||| 00| 0 por d
040 _aBR-BrBNA
_bpor
_cBiblioteca Nacional de Agricultura
041 _a(Por)
072 _aL72
_b8100
_b4060
_b/G514
090 _ 8100 BR7703206
100 1 _aPadilha, T.N.
110 1 _aUniversidade Federal Rural do Rio de Janeiro, Itaguai (Brasil)
_0Tese (Magister Scientiae)
_911225
245 1 _aCaracterizacao da familia Zonocotylidae (trematoda: digenea)com redescricao de Zonocotyle bicaecata Travassos, 1948, e descricao de um novo genero [Verminose; Peixe]
260 3 _aItaguai, RJ (Brasil):
_c1977.
300 _a59 p.
500 _a14 illus.; Summaries (Eng, Por); 45 ref.
650 _aPraga de animal
650 _aPeixe
650 _aVerminose
650 _aBiologia
909 _a202309
_bLucia
_c55
_dLucia Elande
942 _cBK
999 _c23769
_d23769